000 00781cam a2200253 a 4500
001 12883185
005 20180309034448.0
008 020805s2003 ctu b 001 0 eng
010 _a 2002031266
020 _a027597653X (alk. paper)
040 _aDLC
_cDLC
_dDLC
041 _aeng
042 _apcc
043 _an-us---
080 _a306.848
082 0 0 _a306.848 WAR
_221
100 _a50
101 _aSOC
245 0 0 _aMarriage and same-sex unions :
_cedited by Lynn D. Wardle ... [et al.].
504 _aIncludes bibliographical references and indexes.
906 _a7
_bcbc
_corignew
_d1
_eocip
_f20
_gy-gencatlg
942 _2ddc
_cBK
999 _c44531
_d44531